000 01791cam a22003255a 4500
999 _c127138
_d127138
001 16841874
003 ARRUPE
005 20171025083841.0
008 110624s1965 enk 000 1 eng d
010 _a 2010671765
020 _a043590549X (pbk. : export)
020 _a9780435905491 (pbk. : export)
020 _a0435905481 (pbk.)
020 _a9780435905484 (pbk.)
035 _a(OCoLC)ocm23241981
040 _aSOS
_cSOS
_dSVP
_dOCL
_dOCLCQ
_dMNY
_dBAKER
_dYDXCP
_dOCLCG
_dDLC
042 _alccopycat
043 _af-ke---
050 0 0 _aPR-930-1
100 0 _aNgũgĩ wa Thiongʼo,
_d1938-
_929778
245 1 4 _aThe river between /
_cNgugi wa Thiong'o.
260 _aOxford [Oxfordshire] ;
_aPortsmouth, NH :
_bHeinemann,
_cc1965
_g(2011 printing?)
300 _a152 p. ;
_c19 cm.
490 1 _aAfrican writers series ;
_v17
520 _a"Explores life on the Makuyu and Kameno ridges of Kenya in the early days of white settlement. Faced with an alluring new religion and 'magical' customs, the Gikuyu people are torn between those who fear the unknown and those who see beyond it. Some follow Joshua and his fiery brand of Christianity. Others proudly pursue tribal independence. In the midst of this disunity stands Waiyaki, a dedicated visionary born to a line of prophets. He struggles to educate the tribe--a task he sees as the only unifying link between the two factions--but his plans for the future raise issue which will determine both his and the Gikuyu's survival"--back cover.
650 0 _aKikuyu (African people)
_zKenya
_vFiction.
_937242
651 0 _aKenya
_xHistory
_y1895-1963
_vFiction.
_937243
830 0 _aAfrican writers series ;
_v17.
_93197
906 _a0
_bibc
_ccopycat
_d2
_encip
_f20
_gy-gencatlg
942 _2lcc
_cMONOGRAPH